000 00416nam a22001217a 4500
999 _c519507
_d519507
020 _a97893906444247
082 _aC0x54 In2/2021/ACT
245 _aThe Constitution of India: Bare Act with comments with 100 landmark judgments on Constitution 1950-2020
260 _aNew Delhi
_bLaw & Justice
_c2021
300 _a384p.
650 _aConstitutional law - India
_930594
650 _aConstitutional history - India
_930595